[Event "Team Championship (women blitz)"]
[Site "Sochi"]
[Date "2017.10.05"]
[Round "5.5"]
[White "Pogonina, Natalija"]
[Black "Vasilevich, Tatjana"]
[Result "1/2-1/2"]
[LiveChessVersion "1.4.8"]
[BlackElo "2229"]
[WhiteElo "2401"]

1. d4 {[%clk 0:03:03]} Nf6 {[%clk 0:03:02]} 2. Nf3 {[%clk 0:03:03]} e6
{[%clk 0:03:02]} 3. c4 {[%clk 0:03:04]} d5 {[%clk 0:03:02]} 4. g3
{[%clk 0:03:04]} Be7 {[%clk 0:03:00]} 5. Bg2 {[%clk 0:03:05]} dxc4
{[%clk 0:03:02]} 6. O-O {[%clk 0:03:05]} O-O {[%clk 0:03:02]} 7. Qc2
{[%clk 0:03:05]} c5 {[%clk 0:02:41]} 8. dxc5 {[%clk 0:03:02]} Bxc5
{[%clk 0:02:42]} 9. Qxc4 {[%clk 0:02:54]} Qe7 {[%clk 0:02:24]} 10. Nc3
{[%clk 0:02:52]} Nbd7 {[%clk 0:01:58]} 11. Qb3 {[%clk 0:02:42]} h6
{[%clk 0:01:37]} 12. Nd2 {[%clk 0:02:25]} Bb6 {[%clk 0:01:20]} 13. Nde4
{[%clk 0:02:25]} Nxe4 {[%clk 0:01:14]} 14. Nxe4 {[%clk 0:02:25]} Nc5
{[%clk 0:01:07]} 15. Nxc5 {[%clk 0:02:23]} Bxc5 {[%clk 0:01:08]} 16. Be3
{[%clk 0:02:21]} Rb8 {[%clk 0:00:57]} 17. Bxc5 {[%clk 0:02:19]} Qxc5
{[%clk 0:00:58]} 18. Rac1 {[%clk 0:02:19]} Qe7 {[%clk 0:00:58]} 19. Rfd1
{[%clk 0:02:07]} b6 {[%clk 0:00:59]} 20. Qc3 {[%clk 0:02:05]} Rd8
{[%clk 0:00:48]} 21. Rxd8+ {[%clk 0:01:58]} Qxd8 {[%clk 0:00:49]} 22. Qc7
{[%clk 0:01:58]} Ba6 {[%clk 0:00:40]} 23. Bf3 {[%clk 0:01:43]} Rc8
{[%clk 0:00:27]} 24. Qxd8+ {[%clk 0:01:42]} Rxd8 {[%clk 0:00:28]} 25. Rc7
{[%clk 0:01:18]} Rd2 {[%clk 0:00:23]} 26. Rxa7 {[%clk 0:01:17]} Bxe2
{[%clk 0:00:21]} 27. Bxe2 {[%clk 0:01:16]} Rxe2 {[%clk 0:00:23]} 28. b4
{[%clk 0:01:14]} Rb2 {[%clk 0:00:22]} 29. a3 {[%clk 0:01:14]} Rb3
{[%clk 0:00:17]} 30. Kg2 {[%clk 0:01:12]} g5 {[%clk 0:00:16]} 31. h3
{[%clk 0:01:11]} Kg7 {[%clk 0:00:17]} 32. Ra6 {[%clk 0:01:00]} Kg6
{[%clk 0:00:16]} 33. Rxb6 {[%clk 0:01:00]} Rxa3 {[%clk 0:00:18]} 34. Rb7
{[%clk 0:00:57]} h5 {[%clk 0:00:16]} 35. b5 {[%clk 0:00:56]} Rb3 {[%clk 0:00:13]}
36. b6 {[%clk 0:00:55]} h4 {[%clk 0:00:11]} 37. gxh4 {[%clk 0:00:51]} gxh4
{[%clk 0:00:12]} 38. Rb8 {[%clk 0:00:48]} Kf5 {[%clk 0:00:09]} 39. b7
{[%clk 0:00:31]} f6 {[%clk 0:00:08]} 40. Kh2 {[%clk 0:00:26]} Ke5
{[%clk 0:00:09]} 41. Kg2 {[%clk 0:00:24]} Kf5 {[%clk 0:00:11]} 42. Kh2
{[%clk 0:00:24]} Ke5 {[%clk 0:03:02]} 1/2-1/2

[Event "Team Championship (women blitz)"]
[Site "Sochi"]
[Date "2017.10.05"]
[Round "5.6"]
[White "Charochkina, Daria"]
[Black "Girya, Olga"]
[Result "0-1"]
[LiveChessVersion "1.4.8"]
[BlackElo "2338"]
[WhiteElo "2458"]

1. d4 {[%clk 0:03:03]} d5 {[%clk 0:03:04]} 2. Bf4 {[%clk 0:03:04]} c5
{[%clk 0:03:04]} 3. e3 {[%clk 0:03:03]} cxd4 {[%clk 0:03:05]} 4. exd4
{[%clk 0:03:04]} Nc6 {[%clk 0:03:05]} 5. c3 {[%clk 0:03:04]} Bf5 {[%clk 0:03:06]}
6. Nf3 {[%clk 0:03:03]} e6 {[%clk 0:03:05]} 7. h3 {[%clk 0:02:51]} Bd6
{[%clk 0:02:57]} 8. Bg5 {[%clk 0:02:49]} f6 {[%clk 0:02:55]} 9. Be3
{[%clk 0:02:49]} Nge7 {[%clk 0:02:32]} 10. Be2 {[%clk 0:02:34]} Bg6
{[%clk 0:02:28]} 11. Nh4 {[%clk 0:02:29]} Bf7 {[%clk 0:02:29]} 12. Bh5
{[%clk 0:02:30]} g6 {[%clk 0:02:28]} 13. Be2 {[%clk 0:02:25]} g5 {[%clk 0:02:26]}
14. Nf3 {[%clk 0:02:24]} Nf5 {[%clk 0:02:23]} 15. Bc1 {[%clk 0:02:04]} h5
{[%clk 0:02:22]} 16. Nbd2 {[%clk 0:02:01]} Qe7 {[%clk 0:02:09]} 17. Nf1
{[%clk 0:01:53]} O-O-O {[%clk 0:02:05]} 18. Ne3 {[%clk 0:01:42]} Nxe3
{[%clk 0:01:31]} 19. Bxe3 {[%clk 0:01:43]} g4 {[%clk 0:01:33]} 20. Nd2
{[%clk 0:01:20]} f5 {[%clk 0:01:33]} 21. g3 {[%clk 0:01:18]} h4 {[%clk 0:01:28]}
22. hxg4 {[%clk 0:00:46]} hxg3 {[%clk 0:01:27]} 23. Rxh8 {[%clk 0:00:23]} Rxh8
{[%clk 0:01:28]} 24. Nf3 {[%clk 0:00:07]} Rh1+ {[%clk 0:01:26]} 25. Bf1
{[%clk 0:00:06]} g2 {[%clk 0:01:26]} 0-1

[Event "Team Championship (women blitz)"]
[Site "Sochi"]
[Date "2017.10.05"]
[Round "5.7"]
[White "Nechaeva, Marina"]
[Black "Potapova, Margarita"]
[Result "0-1"]
[LiveChessVersion "1.4.8"]
[BlackElo "2031"]
[WhiteElo "2347"]

1. d4 {[%clk 0:03:03]} Nf6 {[%clk 0:03:04]} 2. c4 {[%clk 0:03:04]} e6
{[%clk 0:03:05]} 3. Nc3 {[%clk 0:03:05]} Bb4 {[%clk 0:03:06]} 4. Nf3
{[%clk 0:03:06]} d5 {[%clk 0:03:04]} 5. cxd5 {[%clk 0:03:05]} exd5
{[%clk 0:03:05]} 6. Bg5 {[%clk 0:03:06]} h6 {[%clk 0:03:06]} 7. Bh4
{[%clk 0:03:07]} O-O {[%clk 0:02:54]} 8. e3 {[%clk 0:03:07]} Nbd7
{[%clk 0:02:39]} 9. Be2 {[%clk 0:03:01]} c5 {[%clk 0:02:38]} 10. dxc5
{[%clk 0:03:01]} g5 {[%clk 0:02:36]} 11. Bg3 {[%clk 0:03:02]} Ne4
{[%clk 0:02:27]} 12. Rc1 {[%clk 0:03:01]} Ndxc5 {[%clk 0:02:18]} 13. O-O
{[%clk 0:03:01]} Be6 {[%clk 0:02:06]} 14. Be5 {[%clk 0:02:47]} Rc8
{[%clk 0:01:54]} 15. a3 {[%clk 0:02:45]} Bxc3 {[%clk 0:01:51]} 16. Bxc3
{[%clk 0:02:34]} Nxc3 {[%clk 0:01:49]} 17. Rxc3 {[%clk 0:02:35]} Ne4
{[%clk 0:01:41]} 18. Rxc8 {[%clk 0:02:36]} Qxc8 {[%clk 0:01:42]} 19. Nd4
{[%clk 0:02:36]} a6 {[%clk 0:01:30]} 20. f4 {[%clk 0:02:34]} f6 {[%clk 0:01:10]}
21. Bf3 {[%clk 0:01:47]} Bf7 {[%clk 0:00:57]} 22. Bg4 {[%clk 0:01:42]} Qe8
{[%clk 0:00:53]} 23. Nf5 {[%clk 0:01:28]} Kh7 {[%clk 0:00:50]} 24. Qd4
{[%clk 0:01:21]} Bg6 {[%clk 0:00:48]} 25. Ng3 {[%clk 0:01:01]} Nxg3
{[%clk 0:00:38]} 26. hxg3 {[%clk 0:01:02]} Qe4 {[%clk 0:00:34]} 27. Rc1
{[%clk 0:00:47]} Rf7 {[%clk 0:00:25]} 28. f5 {[%clk 0:00:45]} Bxf5
{[%clk 0:00:21]} 29. Bxf5+ {[%clk 0:00:20]} Qxf5 {[%clk 0:00:22]} 30. Rc5
{[%clk 0:00:20]} Qe6 {[%clk 0:00:15]} 31. Rxd5 {[%clk 0:00:20]} Re7
{[%clk 0:00:16]} 32. Kf2 {[%clk 0:00:15]} Kg7 {[%clk 0:00:13]} 33. Rd6
{[%clk 0:00:16]} Qf5+ {[%clk 0:00:14]} 34. Kg1 {[%clk 0:00:16]} Qb1+
{[%clk 0:00:14]} 35. Kh2 {[%clk 0:00:17]} Qf5 {[%clk 0:00:14]} 36. Rb6
{[%clk 0:00:14]} Qe5 {[%clk 0:00:11]} 37. Qxe5 fxe5 {[%clk 0:00:13]} 38. Kh3
{[%clk 0:00:09]} Rd7 {[%clk 0:00:12]} 39. Kg4 {[%clk 0:00:10]} Rf7
{[%clk 0:00:11]} 40. Kh5 {[%clk 0:00:10]} Rf2 {[%clk 0:00:11]} 41. Rxb7+
{[%clk 0:00:10]} Kf6 {[%clk 0:00:12]} 42. Kxh6 {[%clk 0:00:09]} Rxg2
{[%clk 0:00:12]} 43. Rb6+ Kf5 44. b4 {[%clk 0:00:04]} Rxg3 {[%clk 0:00:14]} 45.
Rxa6 {[%clk 0:00:05]} Rxe3 {[%clk 0:00:15]} 46. a4 {[%clk 0:00:06]} g4
{[%clk 0:00:16]} 47. b5 {[%clk 0:00:07]} g3 {[%clk 0:00:16]} 48. a5
{[%clk 0:00:08]} Re4 {[%clk 0:00:09]} 49. Kh5 {[%clk 0:00:04]} Rg4
{[%clk 0:00:06]} 50. Rc6 {[%clk 0:00:03]} g2 {[%clk 0:00:07]} 51. Rc1
{[%clk 0:00:03]} Rg8 {[%clk 0:00:07]} 52. Kh6 {[%clk 0:00:04]} g1=Q
{[%clk 0:00:05]} 53. Rxg1 {[%clk 0:00:05]} Rxg1 {[%clk 0:00:06]} 54. b6
{[%clk 0:00:07]} Kf6 {[%clk 0:00:08]} 55. Kh5 {[%clk 0:00:07]} Kf5
{[%clk 0:00:09]} 56. Kh4 {[%clk 0:00:08]} Kf4 {[%clk 0:00:08]} 57. Kh3
{[%clk 0:00:09]} Kf3 {[%clk 0:00:09]} 58. Kh2 {[%clk 0:00:10]} Rb1
{[%clk 0:00:09]} 0-1

[Event "Team Championship (women blitz)"]
[Site "Sochi"]
[Date "2017.10.05"]
[Round "5.8"]
[White "Gritsayeva, Oksana"]
[Black "Kovanova, Baira"]
[Result "0-1"]
[LiveChessVersion "1.4.8"]
[BlackElo "2286"]
[WhiteElo "2216"]

1. e4 {[%clk 0:03:03]} e5 {[%clk 0:03:02]} 2. Nf3 {[%clk 0:03:04]} d6
{[%clk 0:03:02]} 3. d4 {[%clk 0:03:05]} exd4 4. Nxd4 {[%clk 0:03:06]} Nf6
{[%clk 0:03:04]} 5. Nc3 {[%clk 0:03:06]} Be7 {[%clk 0:03:05]} 6. Bc4
{[%clk 0:03:02]} O-O {[%clk 0:03:05]} 7. O-O {[%clk 0:03:01]} Re8
{[%clk 0:03:04]} 8. Bb3 {[%clk 0:02:58]} h6 {[%clk 0:03:03]} 9. f3
{[%clk 0:02:54]} Bf8 {[%clk 0:02:55]} 10. Nde2 {[%clk 0:02:50]} Nbd7
{[%clk 0:02:49]} 11. Be3 {[%clk 0:02:41]} c6 {[%clk 0:02:37]} 12. Qd2
{[%clk 0:02:37]} b5 {[%clk 0:02:02]} 13. Nf4 {[%clk 0:02:32]} a5 {[%clk 0:01:37]}
14. a4 {[%clk 0:02:24]} b4 {[%clk 0:01:37]} 15. Nce2 {[%clk 0:02:22]} Qc7
{[%clk 0:01:27]} 16. Ng6 {[%clk 0:02:08]} Ne5 {[%clk 0:00:42]} 17. Nxf8
{[%clk 0:02:05]} Rxf8 {[%clk 0:00:43]} 18. Nf4 {[%clk 0:01:49]} Ba6
{[%clk 0:00:43]} 19. Rfe1 {[%clk 0:01:46]} Nc4 {[%clk 0:00:38]} 20. Bxc4
{[%clk 0:01:46]} Bxc4 {[%clk 0:00:39]} 21. Rad1 {[%clk 0:01:46]} Rad8
{[%clk 0:00:35]} 22. Qf2 {[%clk 0:01:41]} c5 {[%clk 0:00:34]} 23. Qg3
{[%clk 0:01:38]} Kh8 {[%clk 0:00:34]} 24. b3 {[%clk 0:01:35]} Ba6
{[%clk 0:00:32]} 25. Qh4 {[%clk 0:01:33]} Bc8 {[%clk 0:00:28]} 26. Nd5
{[%clk 0:01:17]} Ng8 {[%clk 0:00:20]} 27. g4 {[%clk 0:01:08]} Qd7
{[%clk 0:00:15]} 28. g5 {[%clk 0:00:57]} Qh3 {[%clk 0:00:12]} 29. Qxh3
{[%clk 0:00:55]} Bxh3 {[%clk 0:00:12]} 30. gxh6 {[%clk 0:00:55]} Nxh6
{[%clk 0:00:11]} 31. Bxh6 {[%clk 0:00:48]} gxh6 32. Kf2 Be6 {[%clk 0:00:12]} 33.
Nf4 {[%clk 0:00:49]} Rg8 {[%clk 0:00:09]} 34. Rg1 {[%clk 0:00:45]} Rxg1 35. Rxg1
{[%clk 0:00:46]} Kh7 {[%clk 0:00:09]} 36. Nh5 {[%clk 0:00:44]} c4
{[%clk 0:00:10]} 37. Nf6+ {[%clk 0:00:44]} Kh8 {[%clk 0:00:11]} 38. Ke3
{[%clk 0:00:44]} cxb3 {[%clk 0:00:12]} 39. cxb3 {[%clk 0:00:45]} Bxb3
{[%clk 0:00:13]} 40. f4 {[%clk 0:00:40]} Bc4 {[%clk 0:00:12]} 41. Kd4
{[%clk 0:00:39]} Ba2 {[%clk 0:00:12]} 42. h4 {[%clk 0:00:36]} Rc8
{[%clk 0:00:13]} 43. h5 {[%clk 0:00:34]} b3 {[%clk 0:00:13]} 44. Nd5
{[%clk 0:00:28]} b2 {[%clk 0:00:11]} 45. Nc3 {[%clk 0:00:16]} Rc4+
{[%clk 0:00:11]} 46. Kd3 {[%clk 0:00:16]} Rxc3+ {[%clk 0:00:11]} 47. Kxc3
{[%clk 0:00:18]} b1=Q {[%clk 0:00:11]} 48. Rxb1 {[%clk 0:00:19]} Bxb1
{[%clk 0:00:12]} 49. Kc4 {[%clk 0:00:13]} Bxe4 {[%clk 0:00:12]} 50. Kb5
{[%clk 0:00:14]} Kg7 {[%clk 0:00:12]} 51. Kxa5 {[%clk 0:00:15]} Kf6
{[%clk 0:00:13]} 52. Kb5 {[%clk 0:00:15]} d5 {[%clk 0:00:12]} 53. Kc5
{[%clk 0:00:15]} Ke6 {[%clk 0:00:12]} 54. a5 {[%clk 0:00:16]} Bd3
{[%clk 0:00:13]} 55. Kd4 {[%clk 0:00:16]} Bc4 {[%clk 0:00:13]} 56. Kc5
{[%clk 0:00:16]} Ke5 57. Kd4+ 0-1

[Event "Team Championship (women blitz)"]
[Site "Sochi"]
[Date "2017.10.05"]
[Round "5.9"]
[White "Garifullina, Leya"]
[Black "Bodnaruk, Anastasia"]
[Result "1-0"]
[LiveChessVersion "1.4.8"]
[BlackElo "2439"]
[WhiteElo "1872"]

1. e4 {[%clk 0:03:01]} d6 {[%clk 0:03:04]} 2. d4 {[%clk 0:03:01]} g6
{[%clk 0:03:04]} 3. Nc3 {[%clk 0:03:02]} Bg7 {[%clk 0:03:04]} 4. Be3
{[%clk 0:03:03]} a6 {[%clk 0:03:05]} 5. Qd2 {[%clk 0:02:55]} b5 {[%clk 0:03:05]}
6. Bd3 {[%clk 0:02:31]} Nd7 {[%clk 0:02:59]} 7. a3 {[%clk 0:02:15]} e6
{[%clk 0:02:40]} 8. f3 {[%clk 0:01:26]} c5 {[%clk 0:02:37]} 9. d5
{[%clk 0:01:11]} e5 {[%clk 0:02:32]} 10. g4 {[%clk 0:00:50]} h5 {[%clk 0:02:23]}
11. g5 {[%clk 0:00:50]} h4 {[%clk 0:02:24]} 12. Nd1 {[%clk 0:00:36]} c4
{[%clk 0:02:12]} 13. Bf1 {[%clk 0:00:21]} f5 {[%clk 0:02:01]} 14. gxf6
{[%clk 0:00:15]} Ngxf6 {[%clk 0:01:58]} 15. Bh3 {[%clk 0:00:11]} Nh5
{[%clk 0:01:47]} 16. Nf2 {[%clk 0:00:07]} Nf4 {[%clk 0:01:24]} 17. Bxf4
{[%clk 0:00:06]} exf4 {[%clk 0:01:26]} 18. Qxf4 {[%clk 0:00:06]} Bxb2
{[%clk 0:01:22]} 19. Rb1 {[%clk 0:00:05]} Bc3+ {[%clk 0:01:22]} 20. Kf1
{[%clk 0:00:05]} Be5 {[%clk 0:01:10]} 21. Qe3 {[%clk 0:00:04]} Qf6
{[%clk 0:00:34]} 22. Ne2 {[%clk 0:00:05]} Qf7 {[%clk 0:00:22]} 23. Be6
{[%clk 0:00:05]} Qg7 {[%clk 0:00:21]} 24. f4 {[%clk 0:00:06]} Bf6
{[%clk 0:00:20]} 25. Ng4 {[%clk 0:00:06]} h3 {[%clk 0:00:11]} 26. Nxf6+
{[%clk 0:00:06]} Nxf6 {[%clk 0:00:12]} 27. Qd4 {[%clk 0:00:06]} Nh5
{[%clk 0:00:10]} 28. Qxg7 {[%clk 0:00:06]} Nxg7 {[%clk 0:00:11]} 29. Bxc8 Rxc8
{[%clk 0:00:13]} 30. Kf2 {[%clk 0:00:04]} Ke7 {[%clk 0:00:13]} 31. Ke3
{[%clk 0:00:06]} Kf6 {[%clk 0:00:14]} 32. Rhg1 {[%clk 0:00:07]} Rh4
{[%clk 0:00:09]} 33. Rg5 {[%clk 0:00:07]} Re8 {[%clk 0:00:09]} 34. Rbg1
{[%clk 0:00:07]} Rh6 {[%clk 0:00:09]} 35. Ng3 {[%clk 0:00:07]} Re7
{[%clk 0:00:07]} 36. Ne2 {[%clk 0:00:08]} Re8 {[%clk 0:00:08]} 37. Nc3
{[%clk 0:00:08]} Re7 {[%clk 0:00:08]} 38. Kd4 {[%clk 0:00:10]} Ne8
{[%clk 0:00:09]} 39. Ne2 {[%clk 0:00:10]} Nc7 {[%clk 0:00:10]} 40. Ng3
{[%clk 0:00:10]} Na8 {[%clk 0:00:07]} 41. Nf1 {[%clk 0:00:11]} Nb6
{[%clk 0:00:06]} 42. Ne3 {[%clk 0:00:12]} Rh4 {[%clk 0:00:05]} 43. Rxg6+ Kf7 44.
Nf5 {[%clk 0:00:13]} Rxf4 {[%clk 0:00:06]} 45. Rg7+ {[%clk 0:00:13]} Kf6
{[%clk 0:00:08]} 46. Nxe7 {[%clk 0:00:13]} c3 {[%clk 0:00:06]} 47. R1g6#
{[%clk 0:00:14]} Kxg6 48. Rxg6 1-0

[Event "Team Championship (women blitz)"]
[Site "Sochi"]
[Date "2017.10.05"]
[Round "5.10"]
[White "Ovod, Evgenija"]
[Black "Stepanyan, Eva"]
[Result "1-0"]
[LiveChessVersion "1.4.8"]
[BlackElo "1760"]
[WhiteElo "2191"]

1. d4 {[%clk 0:03:03]} Nf6 {[%clk 0:03:03]} 2. Bg5 {[%clk 0:03:05]} e6
{[%clk 0:03:04]} 3. Nd2 {[%clk 0:03:05]} h6 {[%clk 0:03:01]} 4. Bh4
{[%clk 0:03:07]} d5 {[%clk 0:02:50]} 5. e3 {[%clk 0:03:07]} Be7 {[%clk 0:02:51]}
6. Ngf3 {[%clk 0:03:06]} O-O {[%clk 0:02:49]} 7. Bd3 {[%clk 0:03:05]} b6
{[%clk 0:02:49]} 8. Qe2 {[%clk 0:03:04]} Bb7 {[%clk 0:02:48]} 9. O-O
{[%clk 0:02:56]} Ne4 {[%clk 0:02:43]} 10. Bg3 {[%clk 0:02:54]} Nd7
{[%clk 0:02:41]} 11. Ne5 {[%clk 0:02:46]} Nxe5 {[%clk 0:02:40]} 12. Bxe5
{[%clk 0:02:47]} Bd6 {[%clk 0:02:30]} 13. Nf3 {[%clk 0:02:36]} c5
{[%clk 0:02:16]} 14. c3 {[%clk 0:02:36]} cxd4 {[%clk 0:02:15]} 15. exd4
{[%clk 0:02:36]} f5 {[%clk 0:02:00]} 16. Bxd6 {[%clk 0:02:32]} Qxd6
{[%clk 0:02:00]} 17. Ne5 {[%clk 0:02:33]} Nf6 {[%clk 0:01:57]} 18. Rfe1
{[%clk 0:02:19]} Rfe8 {[%clk 0:01:54]} 19. Bb5 {[%clk 0:02:13]} Red8
{[%clk 0:01:36]} 20. Qf3 {[%clk 0:01:40]} a6 {[%clk 0:01:36]} 21. Bd3
{[%clk 0:01:39]} Re8 {[%clk 0:01:33]} 22. Qg3 {[%clk 0:01:35]} Nd7
{[%clk 0:01:26]} 23. Qg6 {[%clk 0:01:28]} Nxe5 {[%clk 0:01:11]} 24. Rxe5
{[%clk 0:01:29]} Bc6 {[%clk 0:00:59]} 25. Rae1 {[%clk 0:01:27]} Bd7
{[%clk 0:00:59]} 26. Bxf5 {[%clk 0:01:22]} exf5 {[%clk 0:00:45]} 27. Qxd6
{[%clk 0:01:23]} 1-0

[Event "Team Championship (women blitz)"]
[Site "Sochi"]
[Date "2017.10.05"]
[Round "5.11"]
[White "Chekletsova, Darya"]
[Black "Belenkaya, Dina"]
[Result "0-1"]
[LiveChessVersion "1.4.8"]
[BlackElo "2204"]
[WhiteElo "1383"]

1. d4 {[%clk 0:03:03]} d5 {[%clk 0:03:04]} 2. c4 {[%clk 0:03:04]} dxc4
{[%clk 0:03:05]} 3. e3 {[%clk 0:03:04]} Nf6 {[%clk 0:03:05]} 4. Bxc4
{[%clk 0:03:04]} e6 {[%clk 0:03:06]} 5. Nc3 {[%clk 0:03:05]} a6 {[%clk 0:03:07]}
6. a4 {[%clk 0:03:05]} c5 {[%clk 0:03:08]} 7. dxc5 {[%clk 0:03:03]} Qxd1+
{[%clk 0:03:05]} 8. Kxd1 {[%clk 0:03:00]} Bxc5 {[%clk 0:03:06]} 9. Nf3
{[%clk 0:02:58]} Nc6 {[%clk 0:03:00]} 10. Ke2 {[%clk 0:02:55]} e5
{[%clk 0:02:55]} 11. Rd1 {[%clk 0:02:46]} Bg4 {[%clk 0:02:17]} 12. h3
{[%clk 0:02:41]} Bh5 {[%clk 0:02:14]} 13. g4 {[%clk 0:02:34]} Bg6
{[%clk 0:02:14]} 14. b3 {[%clk 0:02:24]} e4 {[%clk 0:02:07]} 15. Nd4
{[%clk 0:02:11]} Nxd4+ {[%clk 0:02:07]} 16. exd4 {[%clk 0:02:12]} Bb4
{[%clk 0:02:00]} 17. Bb2 {[%clk 0:02:10]} Rd8 {[%clk 0:01:54]} 18. d5
{[%clk 0:01:58]} O-O {[%clk 0:01:52]} 19. Rd2 {[%clk 0:01:43]} Rfe8
{[%clk 0:01:53]} 20. Rad1 {[%clk 0:01:41]} Nd7 {[%clk 0:01:51]} 21. d6
{[%clk 0:00:55]} Ne5 {[%clk 0:01:52]} 22. Bd5 {[%clk 0:00:52]} Nd3
{[%clk 0:01:51]} 23. Bxe4 {[%clk 0:00:08]} Nxb2 {[%clk 0:01:48]} 24. Rxb2
{[%clk 0:00:05]} Bxc3 {[%clk 0:01:49]} 25. Rc2 {[%clk 0:00:05]} Rxe4+
{[%clk 0:01:49]} 26. Kd3 {[%clk 0:00:06]} Rd4+ {[%clk 0:01:48]} 27. Kxc3
{[%clk 0:00:05]} Rxd1 {[%clk 0:01:49]} 28. Rd2 {[%clk 0:00:06]} Rxd2
{[%clk 0:01:49]} 29. Kxd2 {[%clk 0:00:07]} Rxd6+ {[%clk 0:01:50]} 0-1

[Event "Team Championship (women blitz)"]
[Site "Sochi"]
[Date "2017.10.05"]
[Round "5.12"]
[White "Styazhkina, Anna"]
[Black "Murzina, Agata"]
[Result "1-0"]
[LiveChessVersion "1.4.8"]
[BlackElo "1764"]
[WhiteElo "2198"]

1. e4 {[%clk 0:03:03]} e5 {[%clk 0:03:03]} 2. Nf3 {[%clk 0:03:03]} Nc6
{[%clk 0:03:03]} 3. Bc4 {[%clk 0:03:04]} Be7 {[%clk 0:02:49]} 4. c3
{[%clk 0:02:53]} Nf6 {[%clk 0:02:47]} 5. d3 {[%clk 0:02:51]} d6 {[%clk 0:02:46]}
6. Bb3 {[%clk 0:02:40]} Bg4 {[%clk 0:02:35]} 7. h3 {[%clk 0:02:40]} Bh5
{[%clk 0:02:36]} 8. Nbd2 {[%clk 0:02:27]} d5 {[%clk 0:02:27]} 9. Qe2
{[%clk 0:02:19]} d4 {[%clk 0:02:16]} 10. Nf1 {[%clk 0:02:15]} Bxf3
{[%clk 0:02:00]} 11. Qxf3 {[%clk 0:02:15]} Qd7 {[%clk 0:02:00]} 12. Ng3
{[%clk 0:02:10]} O-O-O {[%clk 0:01:41]} 13. c4 {[%clk 0:01:21]} Bb4+
{[%clk 0:00:57]} 14. Ke2 {[%clk 0:01:20]} Bf8 {[%clk 0:00:44]} 15. Ba4
{[%clk 0:01:15]} h5 {[%clk 0:00:33]} 16. Bg5 {[%clk 0:00:30]} h4 {[%clk 0:00:24]}
17. Nf5 {[%clk 0:00:31]} Re8 {[%clk 0:00:13]} 18. Bxh4 {[%clk 0:00:32]} Nh5
{[%clk 0:00:10]} 19. Bg5 {[%clk 0:00:33]} f6 {[%clk 0:00:09]} 20. Bd2
{[%clk 0:00:32]} g6 {[%clk 0:00:08]} 21. Ng3 {[%clk 0:00:33]} Bg7
{[%clk 0:00:08]} 22. Nxh5 {[%clk 0:00:27]} Rxh5 {[%clk 0:00:07]} 23. Qg4
{[%clk 0:00:25]} Qxg4+ {[%clk 0:00:05]} 24. hxg4 {[%clk 0:00:26]} Rxh1
{[%clk 0:00:05]} 25. Rxh1 {[%clk 0:00:27]} Re6 {[%clk 0:00:05]} 26. Rh7
{[%clk 0:00:27]} Re7 {[%clk 0:00:05]} 27. Bxc6 {[%clk 0:00:19]} bxc6
{[%clk 0:00:05]} 28. Bh6 {[%clk 0:00:20]} Bf8 {[%clk 0:00:04]} 29. Rh8
{[%clk 0:00:20]} Kd7 {[%clk 0:00:05]} 30. Rxf8 {[%clk 0:00:20]} c5
{[%clk 0:00:04]} 31. Rxf6 {[%clk 0:00:20]} g5 {[%clk 0:00:05]} 32. Bxg5
{[%clk 0:00:19]} Rg7 {[%clk 0:00:06]} 33. Rf5 {[%clk 0:00:20]} Kd6
{[%clk 0:00:07]} 34. f3 {[%clk 0:00:19]} Rg6 {[%clk 0:00:08]} 35. Bh4
{[%clk 0:00:18]} Rg7 {[%clk 0:00:08]} 36. Bf6 {[%clk 0:00:16]} Rg6
{[%clk 0:00:07]} 37. Bxe5+ {[%clk 0:00:16]} Kd7 {[%clk 0:00:07]} 38. Bf4
{[%clk 0:00:15]} Kc6 {[%clk 0:00:07]} 39. Rf7 {[%clk 0:00:15]} Kb6
{[%clk 0:00:06]} 40. Rxc7 {[%clk 0:00:15]} Rf6 {[%clk 0:00:07]} 41. Bg3
{[%clk 0:00:15]} a5 {[%clk 0:00:06]} 42. g5 {[%clk 0:00:15]} Rg6 {[%clk 0:00:08]}
43. Bf4 {[%clk 0:00:14]} Rg8 {[%clk 0:00:07]} 44. Rf7 {[%clk 0:00:13]} Re8
{[%clk 0:00:06]} 45. g6 {[%clk 0:00:14]} Rg8 {[%clk 0:00:07]} 46. g7
{[%clk 0:00:15]} Kc6 {[%clk 0:00:06]} 47. Be5 {[%clk 0:00:16]} Kb6
{[%clk 0:00:06]} 48. Rf8 {[%clk 0:00:15]} a4 {[%clk 0:00:06]} 49. Rxg8
{[%clk 0:00:15]} a3 {[%clk 0:00:07]} 50. b3 {[%clk 0:00:15]} Ka7 {[%clk 0:00:06]}
51. Rb8 {[%clk 0:00:15]} Ka6 {[%clk 0:00:07]} 52. g8=Q {[%clk 0:00:15]} Ka5
{[%clk 0:00:06]} 53. Qd8+ {[%clk 0:00:15]} Ka6 {[%clk 0:00:06]} 54. Qb6#
{[%clk 0:00:15]} 1-0